All Playboi Carti 'Deep Voice' Songs - Statistics

General Stats
  • This quiz has been taken 770 times
    515 since last reset
  • The average score is 11 of 24
Answer Stats
Year Feature Status Song % Correct
2024 w/ Future & Metro Released Type Shit
89%
2024 w/ Ye & Ty$ Released Carnival
88%
2023 w/ Travis Released FE!N
81%
2024 w/ Camila Cabello Released I LUV IT
80%
2023 Solo Released 2024
78%
2024 ft. Travis Released BACKR00MS
78%
2023 Solo Released H00DBYAIR
72%
2023 Solo Released EVILJ0RDAN
71%
2024 w/ Ye & Ty$ Leaked Field Trip
68%
2024 Solo Released KETAMINE
68%
2022 Solo Snippet All Red
65%
2023 w/ Ye & Ty$ Released Fuk Sumn
63%
2023 ft. Uzi Snippet Menage
31%
2023 ft. Travis Played Live Problem Child
28%
2024 w/ Ye & Ty$ Leaked Melrose
26%
2023 Solo Played Live Rockstar
23%
2022 Solo Leaked Wicked
23%
2022 w/ Trippie Snippet Mansion Musik
22%
2022 w/ Kanye Leaked Mr. Miyagi
22%
2021 w/ Uzi Leaked Vetements Jeans
20%
2023 w/ Offset Snippet Rock Out
19%
2021 ft. Uzi Leaked Two Out
17%
2022 w/ Future Leaked Hold Up
12%
2022 Solo Snippet Different Vibes
4%
No matching quizzes found
Score Distribution
Percent of People with Each Score
Percentile by Number Answered
Your Score History
You have not taken this quiz since the last reset